Quizzes
Events
Quiz Creation
Community
Videos
Private Events
Remove Ads
Sign In
Join for FREE
Feedback
Dark Mode
Quiz Categories
Sports
Geography
Music
Movies
Television
Just For Fun
Miscellaneous
History
Literature
Language
Science
Gaming
Entertainment
Religion
Holiday
For Kids
Quiz Lab
Recent
Popular Today
Quiz Kudos Today
Editor Picks
Curator Picks
Quizzes by...
Day
Popularity
Type
Ratings
Length
Year
Community
Subscriptions
Recent Discussions
Orange Saloon
Badges
Playlists
Quests
Create
Leaderboards
Showdown
Live 5
Trivia Bingo
Activity
Puzzle Library
Sporcle Events
Private Events
Virtual Trivia
Globe League
Become a Host
Pub Owners
SporcleCon
Opinionation
Our Games
Videos
Blog
Mobile Apps
Partnerships
Remove Ads and Go Orange
Feedback
Sports
Athletes
MLB
NBA
NHL
NFL
Soccer
Sports Teams
WWE
NCAA
Football
Premier League
Basketball
Baseball
Hockey
Golf
Tennis
Cricket
Rugby
Auto Racing
Olympics
World Cup
Sports
Athletes
MLB
NBA
NHL
NFL
Soccer
Sports Teams
WWE
NCAA
Football
Premier League
Basketball
Baseball
Hockey
Golf
Tennis
Cricket
Rugby
Auto Racing
Olympics
World Cup
Random Quiz
Search Sporcle
×
Quiz Lab
Quiz Lab
Sports
WWE
Type in answers that appear in a list
Type in answers that appear in a list
Classic
Best Score? Go Orange.
Bret Hart PPV Opponents Stats
Can you name the Bret Hart PPV Opponents?
By
Gold26
12m
139 Questions
11.5K Plays
11,541 Plays
11,541 Plays
Comments
Comments
Give Quiz Kudos
Give Quiz Kudos
-
- Ratings
hide this ad
Replay
Link that replays current quiz
Next Quiz
Link to next quiz in quiz playlist
You Got
0%
They Got
Avg Score
73%
Avg Friend Score
Upgrade to see
Score Distribution
Jump to the score distribution portion of the page
Score
0/139
Timer
12:00
0
Plays Today
PPV
Opponent
% Correct
Survivor Series 92
Shawn Michaels
97%
Survivor Series 93
Shawn Michaels
97%
Wrestlemania XII
Shawn Michaels
97%
Survivor Series 97
Shawn Michaels
97%
Wrestlemania X
Owen Hart
95.1%
Summerslam 94
Owen Hart
95.1%
Royal Rumble 97
Steve Austin
94.6%
Wrsetlemania 13
Steve Austin
94.6%
In Your House: Revenge Of The 'Taker
Steve Austin
94.6%
Survivor Series 96
Steve Austin
94.6%
In Your House: Final Four
Steve Austin
94.6%
In Your House: Canadian Stampede
Steve Austin
94.6%
Survivor Series 90
The Undertaker
94.4%
Royal Rumble 91
The Undertaker
94.4%
Royal Rumble 96
The Undertaker
94.4%
In Your House: Final Four
The Undertaker
94.4%
Summerslam 97
The Undertaker
94.4%
One Night Only
The Undertaker
94.4%
King Of The Ring 94
Diesel
93.3%
Royal Rumble 95
Diesel
93.3%
Survivor Series 95
Diesel
93.3%
In Your House 6
Diesel
93.3%
Fall Brawl 98
Kevin Nash
93.3%
Summerslam 92
Davey Boy Smith
93.2%
In Your House 5
Davey Boy Smith
93.2%
Wrestlemania IX
Yokozuna
91.8%
Wrestlemania X
Yokozuna
91.8%
Royal Rumble 93
Razor Ramon
91.6%
King Of The Ring 93
Razor Ramon
91.6%
Fall Brawl 98
Hollywood Hogan
90.9%
Wrestlemania III
Davey Boy Smith
89.4%
Survivor Series 87
Davey Boy Smith
89.4%
Royal Rumble 94
Lex Luger
86.1%
Fall Brawl 98
Lex Luger
86.1%
Halloween Havoc 99
Lex Luger
86.1%
Survivor Series 91
Ric Flair
85.7%
Souled Out 98
Ric Flair
85.7%
Summerslam 91
Mr.Perfect
85.7%
King Of The Ring 93
Mr.Perfect
85.7%
Wrestlemania VIII
Roddy Piper
85.3%
Great American Bash 98
Roddy Piper
85.3%
Fall Brawl 98
Roddy Piper
85.3%
Uncensored 98
Curt Hennig
84.8%
Starrcade 99
Goldberg
84.5%
Survivor Series 89
Randy Savage
82.1%
Slamboree 98
Randy Savage
82.1%
Great American Bash 98
Randy Savage
82%
PPV
Opponent
% Correct
Summerslam 93
Jerry Lawler
81.9%
King Of The Ring 95
Jerry Lawler
81.9%
In Your House 1
Jerry Lawler
81.1%
Wrestlemania III
Dynamite Kid
80.9%
Survivor Series 87
Dynamite Kid
80.9%
In Your House: Final Four
Vader
80.8%
In Your House: Badd Blood
Vader
80.8%
Wrestlemania 26
Vince McMahon
80.5%
Summerslam 88
Ax
80.5%
Survivor Series 88
Ax
80.5%
Summerslam 88
Smash
80.2%
Survivor Series 88
Smash
80.2%
In Your House: Canadian Stampede
Animal
80.1%
In Your House: Canadian Stampede
Hawk
80.1%
Survivor Series 90
Ted DiBiase
79.5%
Survivor Series 91
Ted DiBiase
79.5%
Fall Brawl 98
Sting
78.3%
Mayhem 99
Sting
78.3%
Halloween Havoc 98
Sting
78.3%
In Your House: It's Time
Sycho Sid
78%
Wrestlemania II
Andre The Giant
75.9%
Royal Rumble 94
Jacques
75.6%
Summerslam 90
Smash
75.3%
Survivor Series 91
The Mountie
74.2%
Survivor Series 87
Jacques Rougeau
74.2%
Survivor Series 88
Jacques Rougeau
74.2%
Royal Rumble 89
Jacques Rougeau
74.2%
Survivor Series 94
Bob Backlund
73.6%
Wrestlemania XI
Bob Backlund
73.6%
Summerslam 90
Crush
72.5%
Mayhem 99
Chris Benoit
72.3%
In Your House: Canadian Stampede
Goldust
71.4%
Survivor Series 93
The Blue Knight
71.3%
Fall Brawl 98
Warrior
71.1%
Survivor Series 87
Tito Santana
69.8%
King Of The Ring 93
Bam Bam Bigelow
69.4%
Wrestlemania III
Tito Santana
69.3%
Fall Brawl 98
Diamond Dallas Page
69%
World War 3 98
Diamond Dallas Page
69%
In Your House: Canadian Stampede
Ken Shamrock
68.7%
Survivor Series 87
Rick Martel
68.1%
Summerslam 2010
Wade Barrett
66.3%
Bash At The Beach 98
Booker T
65.7%
Wrestlemania IV
Bad News Brown
65%
Survivor Series 87
Raymond Rougeau
64.5%
Survivor Series 88
Raymond Rougeau
64.5%
Royal Rumble 89
Raymond Rougeau
64.5%
PPV
Opponent
% Correct
Survivor Series 88
Arn Anderson
63.7%
Summerslam 89
Arn Anderson
63.7%
Wrestlemania VII
Brian Knobbs
63.5%
Wrestlemania VII
Jerry Sags
63.4%
Wrestlemania V
Greg Valentine
63.3%
Survivor Series 89
Greg Valentine
63.3%
Survivor Series 90
Greg Valentine
63.3%
In Your House: Ground Zero
The Patriot
60.9%
In Your House: Badd Blood
The Patriot
60.9%
Summerslam 2010
Heath Slater
60.8%
Wrestlemania V
The Honky Tonk Man
59.9%
Survivor Series 90
The Honky Tonk Man
59.9%
Survivor Series 88
Tully Blanchard
59.2%
Summerslam 89
Tully Blanchard
59.2%
Survivor Series 91
The Warlord
59.2%
Summerslam 93
Doink The Clown
59.1%
Survivor Series 93
The Red Knight
59%
Royal Rumble 94
Pierre
58.6%
Survivor Series 93
The Black Knight
58.1%
Summerslam 2010
David Otunga
57.4%
Summerslam 2010
Justin Gabriel
57.3%
In Your House: The Lumberjacks
Jean-Pierre Lafitte
55.1%
In Your House: Triple Header
Jean-Pierre Lafitte
55.1%
Survivor Series 89
Earthquake
54.9%
Summerslam 2010
Skip Sheffield
54.2%
Royal Rumble 89
Dino Bravo
53.5%
Survivor Series 89
Dino Bravo
53.5%
In Your House 4
Isaac Yankem
53%
Summerslam 95
Isaac Yankem
53%
Summerslam 2010
Darren Young
52.8%
Survivor Series 87
Brian Blair
52.7%
Summerslam 2010
Michael Tarver
52.1%
Survivor Series 87
Jim Brunzell
52%
In Your House 1
Hakushi
52%
Survivor Series 87
Paul Roma
51.2%
Survivor Series 88
Nikolai Volkoff
51%
Wrestlemania VI
Nikolai Volkoff
51%
Royal Rumble 90
Dusty Rhodes
48.9%
This Tuesday In Texas
Skinner
47.3%
Fall Brawl 98
Stevie Ray
47.3%
Survivor Series 88
Boris Zhukov
42.7%
Wrestlemania VI
Boris Zhukov
42.7%
Survivor Series 87
Jim Powers
41.8%
Survivor Series 88
Uno
36%
Survivor Series 88
Dos
36%
Quiz Playlist
Details
Report
Send in Message
Add To Playlist
Classic:
Type in answers that appear in a list
Last Updated: Aug 14, 2017
Quiz Scoreboard
CHALLENGE
Sign Up to Join the Scoreboard
Show All
Scores
Hide
Comments
May contain spoilers
Recently Published
1-10 Letter E Words III
by El_Dandy
Language
2m
One Thing in Common: World Cities II
by knightlancer
Geography
7m
Popular People in 1961
by mucciniale
History
6m
More to Explore
Quiz From the Vault
Featured Blog Post
Where Did the Easter Bunny Come From?
hide this ad
You Might Also Like...
Tags
WWE Quiz
bret
brethart
hart
Matching
opponent
PPV
PPV Opponents
Today's Top Quizzes in Sports
Browse Sports
hide this ad
Today's Top Quizzes in WWE
Browse WWE
Top Contributed Quizzes in Sports
1
Les meilleurs buteurs des matchs entre le PSG et l’OM
2
Les entraîneurs de l'OM et du PSG au 21e siècle
3
2022 World Cup Stars
4
FIFA Club World Cup Champions
5
Name the Premier League winners with different clubs
6
La finale Lions - Afrique du Sud 2021
7
Criteria MLB: Left Handed Sluggers
8
Players with Multiple 50 Home Run Seasons
9
MLB Players with Two .350 Batting Average Seasons
10
MLB Hall of Famer by Rings
Explore More
Trending Topics
Marvel
Crossword
Anime
Disney
NBA
Kpop
Harry Potter
Pokémon
The Office
Country
NFL
WWE
Song
Soccer
Puzzle
hide this ad
More By:
Gold26
Quiz
Plays
Rating
Category
Featured
Created
Premier League Most Appearances (Career)
138,406
4.47
Sports
Nov 10, 2009
Biggest Box Office Stars 1932-2013
129,901
4.30
Movies
May 18, 2010
WWE Most Belts Held All Time
15,926
4.21
Sports
Sep 29, 2009
WWE Royal Rumble Facts By Year
14,014
4.29
Sports
Jan 1, 2011
Bret Hart PPV Opponents
11,541
4.16
Sports
Dec 30, 2009
Go to Creator's Profile
Score Distribution
Quiz Creator Spotlight
Gold26
Follow
Send a Message
Quizzes Created
-
Created Quiz Play Count
-
More By This Creator
Popular Quizzes Today
1
Find the US States - No Outlines Minefield
2
The Countries of the World
3
Find the Countries of Europe - No Outlines Minefield
4
Popular People in 1961
5
1-10 Letter E Words III
6
Find the US States
7
One Thing in Common: World Cities II
8
US States
More Sports Quizzes
Don't Strike Out: 3000 Strikeouts
Quiz Lab
Trending Quizzes
Risky Map Clicking: Least Populous States A-Z
1-10 Letter F Words
1-10 Letter G Words
One Thing in Common: United Kingdom
Risky Map Clicking: Next State Alphabetically
Recently Updated
Leaping Animals
pecheneg
Reality TV Shows (A-Z)
bhenderson79
Rickey Henderson's Hall of Fame Teammates
pecheneg
Champions League XIs: Arsenal
pecheneg
Quick Pick: Celebrities in WWE's Hall of Fame
aduchscher
A-Z Keypad Blitz II
pecheneg
Multiple Oscar Actors
pecheneg
Mystery Phrase Blitz: Oscar 'Best Actors'
pecheneg
F. Scott Fitzgerald Novels
LTH
Pick 3 Villains
ddd62291
Trending Topics
Anime
Disney
Crossword
Harry Potter
NBA
Kpop
Marvel
Puzzle
The Office
Song
Country
NFL
WWE
Soccer
Pokémon
Your Account Isn't Verified!
In order to create a playlist on Sporcle, you need to verify the email address you used during registration. Go to your
Sporcle Settings
to finish the process.
Report this User
Report this user for behavior that violates our
Community Guidelines
.
Details:
Send Report
Go to the Sporcle.com Mobile Site →
Comments